Ingredients in Spam Quiz Stats

 Plays Quiz Updated Dec 8, 2014

Challenge
Share
Tweet
Embed
Score 0/6 Timer 02:00
7 Plays Today
% Correct
Pork with Ham
95.7%
Salt
81.7%
Water
62.2%
Sugar
38.8%
Sodium Nitrite
17.5%
Modified Potato Starch
9.1%

You're not logged in!

Compare scores with friends on all Sporcle quizzes.
Join for Free
OR
Log In

You Might Also Like...

Show Comments

Extras

Top Quizzes Today


Score Distribution

Your Account Isn't Verified!

In order to create a playlist on Sporcle, you need to verify the email address you used during registration. Go to your Sporcle Settings to finish the process.

Report this User

Report this user for behavior that violates our Community Guidelines.

Details: